A General Survey of the History of the Cannon of the New Tetament (Record no. 11019)

MARC details
000 -LEADER
fixed length control field 00693nam a2200253 a 4500
001 - CONTROL NUMBER
control field 0001-1019
003 - CONTROL NUMBER IDENTIFIER
control field ELIB.Books
008 - FIXED-LENGTH DATA ELEMENTS--GENERAL INFORMATION
fixed length control field 141028 2010 eng
020 ## - INTERNATIONAL STANDARD BOOK NUMBER
International Standard Book Number 0801096405
035 ## - SYSTEM CONTROL NUMBER
System control number (ELIB.Books)0001-1173
092 ## - LOCALLY ASSIGNED DEWEY CALL NUMBER (OCLC)
Classification number 225
Item number Wes
100 ## - MAIN ENTRY--PERSONAL NAME
Personal name Westcott, Brooke Foss.
245 ## - TITLE STATEMENT
Title A General Survey of the History of the Cannon of the New Tetament
250 ## - EDITION STATEMENT
Edition statement Sixth Edition
260 ## - PUBLICATION, DISTRIBUTION, ETC. (IMPRINT)
Place of publication, distribution, etc. Grand Rapids
Name of publisher, distributor, etc. Baker Book House
Date of publication, distribution, etc. 1980
300 ## - PHYSICAL DESCRIPTION
Extent 593
Dimensions 21.5 Cm
500 ## - GENERAL NOTE
General note Library
650 ## - SUBJECT ADDED ENTRY--TOPICAL TERM
Topical term or geographic name as entry element New Testament
856 ## - ELECTRONIC LOCATION AND ACCESS
Name of location of host KBTS; Library
Uniform Resource Identifier <a href="KBTS; Elib.">KBTS; Elib.</a>
942 ## - ADDED ENTRY ELEMENTS (KOHA)
Source of classification or shelving scheme Dewey Decimal Classification
Koha item type Books
990 ## - EQUIVALENCES OR CROSS-REFERENCES [LOCAL, CANADA]
Link information for 9XX fields 1
998 ## - LOCAL CONTROL INFORMATION (RLIN)
Cataloger's initials, CIN (RLIN) bat
-- 2014-10-28
-- cat
-- 2018-11-17
Holdings
Withdrawn status Lost status Source of classification or shelving scheme Damaged status Not for loan Home library Current library Date acquired Total Checkouts Barcode Date last seen Bill Date Koha item type
    Dewey Decimal Classification     Karen Baptist Theological Seminary Library Karen Baptist Theological Seminary Library 28/10/2014   E000013142 22/01/2022 22/01/2022 Books
Implemented & Customized by: BestBookBuddies

Powered by Koha